15 anagrammes de verbe - Statistiques

Statistiques générales
  • Ce quiz a été pris 80 fois
  • Le résultat moyen est 5 sur 15
Statistiques - réponses
Anagrammes Verbes % Correct
REVERS VERSER / SEVRER
97%
MURIN MUNIR
75%
ARIDE AIDER
68%
CHARTE TACHER
54%
CODEUR COUDER / COUDRE
52%
RETIRAT ATTIRER / TRAITER
48%
GRELERA GALERER / REGALER
37%
HECTARE ACHETER
31%
RATINE NAÎTRE
23%
VEINARD ADVENIR / VIANDER
15%
CONTAINER CONNAÎTRE / ACTIONNER
14%
TENDERIE ETEINDRE
13%
TRIBALE ETABLIR
8%
PARTIDAIRES DISPARAÎTRE
7%
RENTRAITS TRANSITER
6%
Aucun quiz correspondant
Distribution des résultats
% des personnes avec chaque résultat
Percentile par nombre de réponses
Votre historique - résultats
Vous n’avez pas pris ce quiz